<?xml version="1.0" encoding="UTF-8"?>
<collection xmlns="http://www.loc.gov/MARC21/slim">
 <record>
  <leader>01672nam a2200193Ia 4500</leader>
  <controlfield tag="001">TDMU_23732</controlfield>
  <controlfield tag="008">210410s9999    xx            000 0 und d</controlfield>
  <datafield tag="082" ind1=" " ind2=" ">
   <subfield code="a">690.738</subfield>
  </datafield>
  <datafield tag="090" ind1=" " ind2=" ">
   <subfield code="b">Đ406</subfield>
  </datafield>
  <datafield tag="100" ind1=" " ind2=" ">
   <subfield code="a">Đoàn, Thành Phúc</subfield>
  </datafield>
  <datafield tag="245" ind1=" " ind2="0">
   <subfield code="a">Ký túc xá trường đại học Kinh tế công nghiệp Long An</subfield>
  </datafield>
  <datafield tag="245" ind1=" " ind2="0">
   <subfield code="c">Đoàn Thành Phúc; Nguyễn Viết Hùng, Đỗ Thị Ngọc Tam (Hướng dẫn)</subfield>
  </datafield>
  <datafield tag="260" ind1=" " ind2=" ">
   <subfield code="a">Bình Dương, 2015</subfield>
  </datafield>
  <datafield tag="300" ind1=" " ind2=" ">
   <subfield code="a">242 tr.</subfield>
  </datafield>
  <datafield tag="520" ind1=" " ind2=" ">
   <subfield code="a">TM tài liệu tham khảo tr. 242; Khóa luận tốt nghiệp Đại học trường Đại học Thủ Dầu Một, 2011- 2014; Đồ án gồm các phần: Kiến trúc công trình; kết cấu công trình (Tính toán kết cấu sàn tầng điển hình, tính toán bố trí thép khung trục B, tính toán móng khung ngang trục B); thi công công trình (công tác chuẩn bị, thi công ép cọc, thi công đào đất, thi công bê tông cốt thép phần ngầm, thi công phần thân, tiến độ thi công...); Chuyên ngành: Xây dựng; Đồng ý cho sao chép 100% tài liệu</subfield>
  </datafield>
  <datafield tag="650" ind1=" " ind2=" ">
   <subfield code="a">Khóa luận; Trường ĐH Kinh tế công nghiệp</subfield>
   <subfield code="x">Xây dựng</subfield>
   <subfield code="x">Kiến trúc</subfield>
   <subfield code="z">Long An (Việt Nam); Xây dựng</subfield>
   <subfield code="x">Tòa nhà giáo dục</subfield>
   <subfield code="x">Trường ĐH Kinh tế công nghiệp</subfield>
   <subfield code="x">Ký túc xá</subfield>
   <subfield code="z">Long An (Việt Nam)</subfield>
  </datafield>
  <datafield tag="700" ind1=" " ind2=" ">
   <subfield code="a">Nguyễn, Viết Hùng</subfield>
  </datafield>
  <datafield tag="856" ind1=" " ind2=" ">
   <subfield code="u">http://lrc.tdmu.edu.vn/opac/search/detail.asp?aID=2&amp;ID=23732</subfield>
  </datafield>
  <datafield tag="980" ind1=" " ind2=" ">
   <subfield code="a">Trung tâm Học liệu Trường Đại học Thủ Dầu Một</subfield>
  </datafield>
 </record>
</collection>
